Histoire de France 100 questions progressives - Statistiques

Statistiques générales
  • Ce quiz a été pris 3 917 fois
    3 825 depuis la dernière actualisation
  • Le résultat moyen est 38 sur 100
Statistiques - réponses
% Question Réponse % Correct
2 Combien la France a-t-elle connu de guerres mondiales ? (en chiffres) 2
100%
1 Qui est président de la République en France en janvier 2024 ? Emmanuel Macron
100%
3 Que célèbre-t-on le 14 juillet ? Fête nationale | Fête de la Fédération
82%
4 Quel prénom a été le plus porté par les rois de France (18) Louis
82%
70 Qui emprisonnait ses ennemis dans des "fillettes" ? Louis XI
82%
8 Quel roi a fait construire le château de Versailles ? Louis XIV
82%
10 Qui règne en France en 1789 ? Louis XVI
82%
5 Quel Français a découvert le vaccin contre la rage ? Louis Pasteur
80%
92 Combien d'articles compte la Déclaration des Droits de l'Homme ? (en chiffres) 17
76%
9 Les Romains appelaient la France actuelle la/le Gaule
75%
6 Quelle bataille a eu lieu en 1515 ? Marignan
74%
11 La République a été proclamée en France pour la 1ère fois en... 1792
69%
80 Quel roi de France a aussi été roi de Pologne ? Henri III
67%
13 A quel roi doit-on l'édit de Nantes ? Henri IV
67%
49 Quel est le 1er roi de la dynastie des Bourbons ? Henri IV
67%
14 Qui a écrit l'article J'accuse dans le cadre de l'Affaire Dreyfus ? Emile Zola
65%
35 Combien y-a-t-il eu de croisades ? (en chiffres) 8
63%
7 Quel roi a épousé la reine chrétienne Clotilde ? Clovis
63%
12 Quelle ville est surnommée la capitale des Gaules ? Lyon
63%
99 Citez un des rois de France ayant vécu pendant la guerre de 100 ans Philippe VI | Jean II | Charles V | Charles VI | Charles VII
59%
38 La déclaration des droits de l'homme et du citoyen est adoptée en ... (année) 1789
56%
16 En quelle année se termine la guerre d'Algérie ? 1962
54%
17 Quel président meurt en fonction en 1974 ? Georges Pompidou
54%
51 Qui a été le 1er président de la République en France ? Louis Napoléon Bonaparte
54%
15 Quelle bataille marque la victoire de Vercingétorix sur Jules César ? Gergovie
53%
18 La France est passée à la monnaie unique en 2002
52%
44 Quel roi fait arrêter les Templiers en France ? Philippe IV | Philippe le Bel
49%
50 Quel âge a Napoléon 1er quand il devient empereur ? (en chiffres) 34
46%
19 A l'origine, le Panthéon est une/un église
46%
20 Qui a repoussé une armée musulmane à Poitiers en 732 ? Charles Martel
44%
23 Qui est président de la République en France en 2000 ? Jacques Chirac
44%
21 Charlemagne a été couronné empereur en... 800
43%
74 Combien de rois se sont succédé pendant la guerre de 100 ans ? (en chiffres) 5
42%
98 Combien de générations séparent Louis XV de Louis XVIII (en chiffres) 5
42%
22 Qui a assassiné Henri IV ? François Ravaillac
42%
46 Qui est la pucelle d'Orléans ? Jeanne d'Arc
42%
78 Quel était le prénom du maréchal Pétain ? Philippe
42%
28 Quel est le premier roi de la dynastie des Valois ? Philippe VI
42%
75 Combien de dynasties ont régné sur la France ? (en chiffres) 7
41%
43 Quel roi de France n'a régné que 5 jours ? Jean 1er ou Louis XIX ? Jean 1er
41%
24 Dans quel pays actuel s'est déroulée la bataille d'Austerlitz ? Tchéquie
41%
45 Les Protestants ont été massacrés en 1572 le jour de la St... Barthélémy
40%
37 Quelle bataille marque la fin de l'épopée napolénienne ? Waterloo
40%
26 Dans quelle cité française ont durablement résidé les papes ? Avignon
37%
25 Qui a créé la Légion d'Honneur ? Napoléon Bonaparte
37%
36 A quel calendrier sont associés les mois de Brumaire, Thermidor ou Pluviôse ? Républicain
37%
42 Comment appelle-t-on la période pendant laquelle la Révolution est la plus dure, en 1793-1794... Le/la/les Terreur
37%
40 En quelle année Charles de Gaulle devient-il président de la République ? 1959
35%
47 Quel est le lien de parenté entre Louis XIV et Louis XV, le premier est le/l' du second. arrière-grand-père
34%
48 Dans quelle ville Jeanne d'Arc a-t-elle été exécutée ? Rouen
34%
31 La guerre de 100 ans a opposé la France à la/le/l' Angleterre
33%
81 Qui découvre la Guadeloupe en 1493 ? Christophe Colomb
33%
39 On surnomme les derniers rois mérovingiens les rois... fainéants
33%
41 En quelle année se déroule l'épisode de la Commune de Paris ? 1871
32%
32 Comment se nomme le roi des Huns qui ravagent la Gaule à la fin de l'Empire romain Attila
32%
71 Quel était le président de la République pendant la 1ère Guerre Mondiale ? Raymond Poincaré
31%
60 A combien de nationalités différentes appartiennent les soldats qui débarquent le 6 juin 1944 ? 11
30%
30 Marie Curie est la 1ère ou la 2e femme inhumée au Panthéon ? 2e
30%
58 Dans quelle ville s’installe le gouvernement après la prise de Paris en juin 1940 ? Bordeaux
30%
29 L'épée du chevalier Roland s'appelle... Durandal
30%
97 Quel roi de France a aussi été roi d'Ecosse ? François II
30%
27 Quelle ville a été assiégée par les Français sous Louis XIII ? La Rochelle
30%
86 Quel est le nom romain de Paris ? Lutèce
30%
52 Quel régime succède à la Révolution ? Consulat
26%
34 La bataille d'Azincourt est une victoire ou une défaite ? Défaite
25%
33 Saint Louis rendait la justice sous un chêne à... Vincennes
24%
91 Où est enfermée la famille royale à partir d'août 1792 ? Temple | Tour du Temple
23%
62 La Tour Eiffel a été construite pour l'exposition universelle de...(année) 1889
21%
61 La colonne Vendôme commémore la bataille d'/de Austerlitz
21%
59 La 1ère région de France libérée en 1943 est le/la/les Corse
21%
77 Quelle est la 2e ville du 1er empire français ? Rome
21%
63 Le premier Tour de France a été couru en... 1903
20%
73 Quel est le nom le plus donné aux cathédrales en France ? Notre-Dame
20%
76 Quel est le plus haut sommet du Massif central ? (3 mots) Puy de Sancy
20%
82 Quand la France achète-t-elle la Corse ? (année) 1768
19%
72 A quelle date exacte (jour et mois) ouvrent les Etats Généraux de 1789 ? 5 mai
19%
56 Quel président de la République est mort en fonction en 1899 ? Félix Faure
19%
57 En quelle année meurt Louis XIV 1715
18%
79 Qui est généralissime des armées alliées en 1918 ? Ferdinand Foch
18%
53 Comment se nommait la maitresse du roi Charles VII ? Agnès Sorel
17%
83 En 1990, la France s'engage dans la guerre du Golfe
17%
95 La bataille de Patay est-elle une victoire ou un défaite française ? Victoire
17%
55 Qui a assassiné Marat en 1793 ? Charlotte Corday
16%
64 Quelle célèbre bataille figure sur la tapisserie de Bayeux ? Hastings
16%
54 Quelle a été la 1ère femme élue à l'Académie française ? Marguerite Yourcenar
16%
69 En quelle année est mort Jean Moulin ? 1943
13%
65 Qui a reconstruit la ville du Havre après 1945 ? Auguste Perret
12%
66 A quelle date a lieu le débarquement de Provence ? (jour-mois-année) 15 août 1944
11%
93 Quelle était la fonction de Louis Lépine qui a laissé son nom à un célèbre concours ? Préfet de police de Paris | Préfet de police
11%
84 Comment est nommé le cours d'eau qui se jette dans la baie du Mont-Saint-Michel ? Couesnon
10%
67 Où se trouve la plus grande église en bois de France ? Honfleur
10%
96 Quel ingénieur militaire a contribué à renforcer la défense de la France sous Louis XIV ? Vauban
10%
68 En quelle année débute la construction de Notre-Dame de Paris ? 1163
9%
87 Quel édifice antique se trouve sur le Puy-de-Dôme ? Temple romain | Temple de Mercure
9%
89 Comment se nomme le baron qui redessine Paris au XIXe siècle Eugène Haussmann
8%
85 La vigne a été introduite en France par les Grecs
8%
94 Comment se nomme la cathédrale de Marseille ? La Major
8%
88 Quel ministre de l'ancien régime a fait construire une ville qui porte son nom ? Richelieu
8%
90 Dans quel département se trouve Varennes où le roi Louis XIV a été arrêté en 1791 ? Meuse
6%
100 Le vin préféré de Napoléon 1er était le Gevrey-Chambertin
4%
Aucun quiz correspondant
Distribution des résultats
% des personnes avec chaque résultat
Percentile par nombre de réponses
Votre historique - résultats
Vous n’avez pas pris ce quiz depuis la dernière actualisation